[Event "Reunion op"]
[Site "St Denis"]
[Date "2023.10.14"]
[Round "8"]
[White "Testud, Philippe"]
[Black "Mouhamad, Joachin"]
[Result "0-1"]
[WhiteElo "2124"]
[BlackElo "2303"]
[PlyCount "52"]
[EventDate "2023.10.14"]
[EventType "swiss"]
[EventRounds "9"]
[EventCountry "RUF"]
[SourceTitle "EXT 2025"]
[Source "ChessBase"]
[SourceDate "2024.10.14"]
[SourceVersion "1"]
[SourceVersionDate "2024.10.14"]
[SourceQuality "1"]

1. d4 d5 2. Nf3 e6 3. e3 Nf6 4. Bd3 Bd6 5. 0-0 0-0 6. Nbd2 Nbd7 7. b3 b6 8. Bb2 Bb7 9. c4 Qe7 10. Ne5 Ne4 11. cxd5 exd5 12. f4 Nxd2 13. Qxd2 f6 14. Nxd7 Qxd7 15. Rf3 f5 16. Rh3 g6 17. g4 fxg4 18. Rg3 Rae8 19. Qg2 Rf6 20. Rf1 Qf7 21. Rxg4 Rxe3 22. Qd2 Bc8 23. f5 Bxf5 24. Bxf5 Rxf5 25. Qxe3 Rxf1+ 26. Kg2 Rf6 0-1

[Event "FRA-ch Blitz Online Qual"]
[Site "Europe Echecs INT"]
[Date "2020.05.16"]
[Round "12"]
[White "Duquesne, Adrien"]
[Black "Testud, Philippe"]
[Result "1-0"]
[WhiteElo "2147"]
[BlackElo "2123"]
[PlyCount "83"]
[EventDate "2020.05.16"]
[EventType "swiss (blitz)"]
[EventRounds "15"]
[EventCountry "FRA"]
[SourceTitle "CBM 196 Extra"]
[Source "ChessBase"]
[SourceDate "2020.07.31"]
[SourceVersion "1"]
[SourceVersionDate "2020.07.31"]
[SourceQuality "1"]

1. d4 Nf6 2. c4 e6 3. Nc3 Bb4 4. e3 0-0 5. Nf3 c5 6. Bd3 d5 7. 0-0 dxc4 8. Bxc4 cxd4 9. exd4 b6 10. Bg5 Nbd7 11. Qe2 Bxc3 12. bxc3 Bb7 13. Rac1 Qc7 14. Bd3 Ng4 15. Be4 h6 16. Bxb7 Qxb7 17. Bf4 Ngf6 18. Rfe1 Rac8 19. c4 Rfe8 20. Qb2 Qa6 21. Qb3 Red8 22. Bd6 Re8 23. a4 Nb8 24. Bxb8 Rxb8 25. Ne5 Rbc8 26. Ra1 Red8 27. Qe3 Qa5 28. g3 Rd6 29. Qf4 Rcd8 30. Red1 Qc3 31. Rac1 Qa3 32. Kg2 Qxa4 33. Ra1 Qc2 34. Rd2 Qe4+ 35. Qxe4 Nxe4 36. Re2 Rxd4 37. Nc6 a5 38. Nxd8 Nc3 39. Rc2 Rxc4 40. Rac1 Rc8 41. Rxc3 Rxd8 42. Rc8 1-0

[Event "FRA-ch Blitz Online Qual"]
[Site "Europe Echecs INT"]
[Date "2020.05.16"]
[Round "9"]
[White "Tomasi, Elise"]
[Black "Testud, Philippe"]
[Result "1-0"]
[WhiteElo "2030"]
[BlackElo "2123"]
[PlyCount "125"]
[EventDate "2020.05.16"]
[EventType "swiss (blitz)"]
[EventRounds "15"]
[EventCountry "FRA"]
[SourceTitle "CBM 196 Extra"]
[Source "ChessBase"]
[SourceDate "2020.07.31"]
[SourceVersion "1"]
[SourceVersionDate "2020.07.31"]
[SourceQuality "1"]

1. d4 Nf6 2. Nf3 e6 3. g3 d5 4. Bg2 b6 5. 0-0 Bb7 6. c4 Nbd7 7. Qc2 c6 8. Nbd2 Rc8 9. e4 dxe4 10. Nxe4 Be7 11. Rd1 0-0 12. Ne5 Nxe4 13. Bxe4 Nf6 14. Bg2 Qc7 15. Bf4 Bd6 16. b4 Nd7 17. Nxd7 Qxd7 18. Bxd6 Qxd6 19. c5 Qe7 20. Qa4 b5 21. Qc2 Rfd8 22. Rd2 Ra8 23. Rad1 a5 24. a3 axb4 25. axb4 Ra4 26. Qc3 Rda8 27. Re2 Qf6 28. Qd2 g6 29. Re5 Ra2 30. Qe1 Rb2 31. Re2 Raa2 32. Rxb2 Rxb2 33. h4 h5 34. Qe3 Rxb4 35. Qc3 Ra4 36. Be4 Ra2 37. Qe3 Kg7 38. Rf1 Ra4 39. Rd1 Rc4 40. Kg2 b4 41. Qd3 Rc3 42. Qb1 b3 43. Qb2 Rxc5 44. Qxb3 Rb5 45. Qe3 Rb2 46. Rc1 Ba6 47. Bxc6 Rb4 48. Rd1 Bc4 49. Qc3 Rb3 50. Qxc4 Rb2 51. Rf1 e5 52. dxe5 Qxe5 53. Bd5 Rd2 54. Bxf7 Rd4 55. Qa2 Qe4+ 56. Kh2 Qd3 57. Kg1 Rd7 58. Be6 Re7 59. Bh3 g5 60. hxg5 h4 61. Qb2+ Kg6 62. Qf6+ Kh5 63. g4# 1-0

[Event "Reunion op 21st"]
[Site "St Denis"]
[Date "2019.10.20"]
[Round "6"]
[White "Randriambololona, Herimanjatosoa"]
[Black "Testud, Philippe"]
[Result "1/2-1/2"]
[WhiteElo "1886"]
[BlackElo "2140"]
[PlyCount "72"]
[EventDate "2019.10.20"]
[EventType "swiss"]
[EventRounds "9"]
[EventCountry "RUF"]
[SourceTitle "CBM 192 Extra"]
[Source "Chessbase"]
[SourceDate "2019.11.06"]
[SourceVersion "1"]
[SourceVersionDate "2019.11.06"]
[SourceQuality "1"]

1. d4 Nf6 2. Nf3 e6 3. c4 Bb4+ 4. Nbd2 0-0 5. a3 Be7 6. e4 d6 7. Bd3 e5 8. Qe2 Nfd7 9. 0-0 exd4 10. Nxd4 Bf6 11. N2f3 Nc5 12. h3 Nc6 13. Nxc6 bxc6 14. Rb1 a5 15. Bc2 Re8 16. b4 axb4 17. axb4 Na4 18. Qd3 g6 19. Bf4 Nb6 20. Rfe1 Be6 21. c5 Nc4 22. Bb3 Ne5 23. Nxe5 dxe5 24. Qxd8 Rexd8 25. Be3 Bxb3 26. Rxb3 Ra4 27. Reb1 Kf8 28. Kf1 Rb8 29. Ke2 Rb5 30. Kd3 Ke7 31. Kc4 Ke6 32. g3 Be7 33. h4 f5 34. f3 Ra2 35. R1b2 Ra1 36. Rb1 Ra2 1/2-1/2

[Event "Vandoeuvre op-A 15th"]
[Site "Vandoeuvre"]
[Date "2019.01.02"]
[Round "1.3"]
[White "Testud, Philippe"]
[Black "Xu, Xiangyu"]
[Result "0-1"]
[WhiteElo "2161"]
[BlackElo "2567"]
[PlyCount "64"]
[EventDate "2019.01.02"]
[EventType "swiss"]
[EventRounds "9"]
[EventCountry "FRA"]
[SourceTitle "EXT 2020"]
[Source "ChessBase"]
[SourceDate "2019.10.17"]
[SourceVersion "1"]
[SourceVersionDate "2019.10.17"]
[SourceQuality "1"]

1. d4 e6 2. Bf4 Nf6 3. e3 b6 4. Nf3 Bb7 5. h3 Be7 6. Bd3 0-0 7. Nbd2 c5 8. c3 Nc6 9. 0-0 d6 10. Qe2 Re8 11. Bh2 a6 12. Rad1 d5 13. dxc5 bxc5 14. e4 Qb6 15. Rb1 a5 16. Ne5 Bd6 17. Nxc6 Bxh2+ 18. Kxh2 Bxc6 19. e5 Nd7 20. f4 Qc7 21. Qh5 f5 22. g4 Nxe5 23. fxe5 Qxe5+ 24. Kg2 Qe3 25. Nf3 Qxd3 26. Rbd1 Qe2+ 27. Kg3 f4+ 28. Kh4 Qg2 29. Ne5 Qg3+ 30. Kg5 h6+ 31. Kg6 Rf8 32. g5 Rf6# 0-1

[Event "Reunion op 20th"]
[Site "St Denis"]
[Date "2018.10.19"]
[Round "7"]
[White "Ramasindraibe, Girard"]
[Black "Testud, Philippe"]
[Result "0-1"]
[WhiteElo "2073"]
[BlackElo "2158"]
[PlyCount "139"]
[EventDate "2018.10.14"]
[EventType "swiss"]
[EventRounds "9"]
[EventCountry "RUF"]
[SourceTitle "CBM 187 Extra"]
[Source "ChessBase"]
[SourceDate "2018.11.04"]
[SourceVersion "1"]
[SourceVersionDate "2018.11.04"]
[SourceQuality "1"]

1. Nf3 Nf6 2. d4 e6 3. g3 d5 4. Bg2 Be7 5. 0-0 0-0 6. c4 dxc4 7. Ne5 Nc6 8. Nxc6 bxc6 9. Bxc6 Rb8 10. Nc3 Bb7 11. Bxb7 Rxb7 12. e3 c5 13. Qf3 Nd5 14. Rd1 Rd7 15. Bd2 Nb4 16. Ne2 Nd3 17. Bc3 e5 18. d5 f5 19. e4 fxe4 20. Qxe4 Nxf2 21. Qxe5 Bd6 22. Qe6+ Kh8 23. Ba5 Qc8 24. Rf1 Rf6 25. Qe3 Re7 26. Qd2 Qf5 27. Bc3 Qf3 28. Nf4 Bxf4 29. Rxf2 Bxd2 30. Rxf3 Rxf3 31. Bxd2 Re2 32. Bc3 Rd3 33. Rf1 Kg8 34. Rf5 g6 35. Rf2 Rxf2 36. Kxf2 Rxd5 37. Ke3 Kf7 38. Ke4 Ke6 39. h4 h5 40. Kf4 Rf5+ 41. Ke4 Rf7 42. Be5 a5 43. Bc3 a4 44. a3 Rf5 45. Bd2 Re5+ 46. Kf4 Kd5 47. Bc3 Rf5+ 48. Ke3 Rf1 49. Ke2 Rg1 50. Kf3 Rd1 51. Ke3 Rf1 52. Ke2 Rc1 53. Kf3 Ke6 54. Ke4 Rf1 55. Bd2 Rg1 56. Kf4 c3 57. Bxc3 Kd5 58. Bg7 Kc4 59. Be5 Rf1+ 60. Ke4 Re1+ 61. Kf4 Rxe5 62. Kxe5 Kb3 63. Kf6 Kxb2 64. Kxg6 c4 65. Kxh5 c3 66. g4 c2 67. g5 c1Q 68. Kg6 Qc6+ 69. Kf7 Qc4+ 70. Kf6 0-1

[Event "Reunion op 18th"]
[Site "St Denis"]
[Date "2016.10.10"]
[Round "1"]
[White "Testud, Philippe"]
[Black "Assie, Joel"]
[Result "1-0"]
[WhiteElo "2202"]
[BlackElo "1449"]
[PlyCount "53"]
[EventDate "2016.10.10"]
[EventType "swiss"]
[EventRounds "7"]
[EventCountry "RUF"]
[SourceTitle "CBM 175 Extra"]
[Source "ChessBase"]
[SourceDate "2016.12.12"]
[SourceVersion "1"]
[SourceVersionDate "2016.12.12"]
[SourceQuality "1"]

1. c4 Nf6 2. g3 c6 3. Bg2 e6 4. Nf3 Be7 5. 0-0 0-0 6. b3 d5 7. Bb2 Nbd7 8. d3 b6 9. Nbd2 Bb7 10. e4 dxc4 11. dxc4 Nc5 12. e5 Nfd7 13. Qc2 Qc7 14. b4 Na6 15. a3 c5 16. b5 Nab8 17. Ne4 f6 18. exf6 gxf6 19. Bh3 e5 20. Nh4 Re8 21. Bf5 Nf8 22. Qe2 Bd8 23. Rad1 Qg7 24. Nd6 Re7 25. Nxb7 Rxb7 26. Rxd8 a6 27. Be4 1-0